| 000 | 01831nam0a2200361 i 4500 | ||
|---|---|---|---|
| 001 | RU\NLR\BIBL_A\011134511 | ||
| 005 | 20260408124225.0 | ||
| 021 |
_aRU _b2016-33655 _92158 |
||
| 029 | 1 | 0 |
_aRU _b33535-2015 _cГОСТ |
| 035 | _a(NLR Aleph) 011134511 | ||
| 090 |
_a11586533 _c11586533 |
||
| 100 | _a20160524d2016 k y0rusy50 ca | ||
| 101 | 0 | _arus | |
| 102 | _aRU | ||
| 105 | _aa l 000|y | ||
| 200 | 1 |
_aСоединения и пересечения железнодорожных путей _eТехнические условия _dConnections and crossings of railway tracks. Specifications _zeng _eГОСТ 33535-2015 _fразраб. Науч.-исслед. ин-том ж.-д. транспорта ( ОАО "ВНИИЖТ") |
|
| 205 | _aИзд. офиц. | ||
| 210 |
_aМосква _cСтандартинформ _d2016 |
||
| 215 |
_aIV, 53 с. _cил. _d29 |
||
| 225 | 1 |
_aМежгосударственный стандарт _fМежгос. совет по стандартизации, метрологии и сертификации |
|
| 239 | _aВвед. 01.08.2016 | ||
| 510 | 1 |
_aConnections and crossings of railway tracks. Specifications _zeng |
|
| 517 | 1 | _aГОСТ 33535-2015 | |
| 606 |
_aЖелезнодорожный путь _jТехнические условия _xСоединения _91030649 _3RU\NLR\AUTH\66395256 |
||
| 675 | _a625.15:006.354 | ||
| 686 |
_a45.080 _v2000 _2oks |
||
| 686 | 1 | _aО211-045.08я863 | |
| 712 | 0 | 2 |
_4900 _aНИИ железнодорожного транспорта _cМосква _3RU\NLR\AUTH\880435710 _9535746 |
| 712 | 0 | 2 |
_4725 _aМежгосударственный совет по стандартизации, метрологии и сертификации _3RU\NLR\AUTH\8823529 _9321571 |
| 942 | _cBOOK | ||
| 980 | _aNBR | ||